The rise of the network society / (رقم التسجيلة. 175844)
[ عرض عادي ]
| 000 -LEADER | |
|---|---|
| fixed length control field | 01877namaa2200373 i 4500 |
| 003 - CONTROL NUMBER IDENTIFIER | |
| control field | EG-GICUC |
| 005 - DATE AND TIME OF LATEST TRANSACTION | |
| control field | 20251115125854.0 |
| 008 - FIXED-LENGTH DATA ELEMENTS--GENERAL INFORMATION | |
| fixed length control field | 251115s2010 enka|||gr|||| 001 0 eng d |
| 020 ## - INTERNATIONAL STANDARD BOOK NUMBER | |
| International Standard Book Number | 9781405196864 |
| Qualifying information | pbk. : alk. paper |
| 020 ## - INTERNATIONAL STANDARD BOOK NUMBER | |
| International Standard Book Number | 1405196866 |
| Qualifying information | pbk. : alk. paper |
| 040 ## - CATALOGING SOURCE | |
| Original cataloging agency | EG-GiCUC |
| Language of cataloging | eng |
| Transcribing agency | EG-GiCUC |
| Modifying agency | EG-GiCUC |
| Description conventions | rda |
| 082 04 - DEWEY DECIMAL CLASSIFICATION NUMBER | |
| Edition number | 21 |
| Classification number | 303.4833 |
| Item number | C3489 2010 |
| 092 04 - LOCALLY ASSIGNED DEWEY CALL NUMBER (OCLC) | |
| Edition number | 21 |
| Classification number | 303.4833 |
| Item number | C3489 2010 |
| 099 ## - LOCAL FREE-TEXT CALL NUMBER (OCLC) | |
| Classification number | 303.4833 C3489 2010 |
| 100 1# - MAIN ENTRY--PERSONAL NAME | |
| Personal name | Castells, Manuel, |
| Dates associated with a name | 1942- |
| Relator term | Author. |
| 245 14 - TITLE STATEMENT | |
| Title | The rise of the network society / |
| Statement of responsibility, etc. | Manuel Castells. |
| 250 ## - EDITION STATEMENT | |
| Edition statement | 2nd ed., with a new pref. |
| 264 ## - PRODUCTION, PUBLICATION, DISTRIBUTION, MANUFACTURE, AND COPYRIGHT NOTICE | |
| Place of production, publication, distribution, manufacture | Chichester, West Sussex ; |
| -- | Malden, MA : |
| Name of producer, publisher, distributor, manufacturer | Wiley-Blackwell, |
| Date of production, publication, distribution, manufacture, or copyright notice | 2010. |
| 300 ## - PHYSICAL DESCRIPTION | |
| Extent | vii, 597 pages : |
| Other physical details | Illustrations ; |
| Dimensions | 24 cm. |
| 336 ## - CONTENT TYPE | |
| Source | rdacontent |
| Content type term | text |
| 337 ## - MEDIA TYPE | |
| Source | rdamedia |
| Media type term | Unmediated |
| 338 ## - CARRIER TYPE | |
| Source | rdacarrier |
| Carrier type term | volume |
| 490 ## - SERIES STATEMENT | |
| Series statement | The information age : economy, society, and culture ; |
| Volume/sequential designation | v. 1 |
| 504 ## - BIBLIOGRAPHY, ETC. NOTE | |
| Bibliography, etc. note | Includes bibliographical references and index. |
| 505 ## - FORMATTED CONTENTS NOTE | |
| Formatted contents note | Prologue: the net and the self -- The information technology revolution -- The new economy: informationalism, globalization, networking -- The network enterprise: the culture, institutions, and organizations of the informational economy -- The transformation of work and employment: networkers, jobless, and flex-timers -- The culture of real virtuality: the integration of electronic communication, the end of the mass audience, and the rise of interactive networks -- The space of flows -- The egde of forever: timeless time -- Conclusion: the network society. |
| 541 ## - IMMEDIATE SOURCE OF ACQUISITION NOTE | |
| Source of acquisition | Dr. Jabir Usfour ; |
| Address | Cairo ; |
| Method of acquisition | Gift ; |
| Date of acquisition | 2024. |
| 650 1# - SUBJECT ADDED ENTRY--TOPICAL TERM | |
| Topical term or geographic name entry element | Information technology |
| General subdivision | Economic aspects. |
| Source of heading or term | qrmak |
| 650 1# - SUBJECT ADDED ENTRY--TOPICAL TERM | |
| Topical term or geographic name entry element | Information society. |
| 650 1# - SUBJECT ADDED ENTRY--TOPICAL TERM | |
| Topical term or geographic name entry element | Information networks. |
| 650 1# - SUBJECT ADDED ENTRY--TOPICAL TERM | |
| Topical term or geographic name entry element | Technology and civilization. |
| 651 1# - SUBJECT ADDED ENTRY--GEOGRAPHIC NAME | |
| Source of heading or term | qrmak |
| 905 ## - Cataloger and Reviser Names | |
| Cataloger Name | Asmaa |
| 942 ## - ADDED ENTRY ELEMENTS (KOHA) | |
| Source of classification or shelving scheme | Dewey Decimal Classification |
| Koha item type | Books |
| Edition | 21 |
| Suppress in OPAC | No |
| Withdrawn status | Lost status | Source of classification or shelving scheme | Damaged status | Not for loan | Home library | Current library | Date acquired | Inventory number | Total checkouts | Full call number | Barcode | Date last seen | Price effective from | Koha item type |
|---|---|---|---|---|---|---|---|---|---|---|---|---|---|---|
| Dewey Decimal Classification | Not for loan | المكتبة المركزبة الجديدة - جامعة القاهرة | قاعة المكتبات المهداة - الدور الرابع | 15.11.2025 | 206699 | 303.4833 C3489 2010 J.U. | 01000110206699000 | 15.11.2025 | 15.11.2025 | Books |